000 00952naa a2200193 4500
001 152227
003 ES-MaBCM
005 20241016185554.0
008 071011s2007 esp|r0p 0 ||spa d
021 _axx
035 _a(OCoLC)1365164095
040 _cES-MaBCM
245 0 0 _aLa reforma de la Universidad
520 0 _aLa Universidad española se encuentra entre las peor dotadas en inversión y gasto de los países de la OCDE, presentando déficits en recursos y materia de profesorado. En estos momentos ha de afrontar una nueva reforma que de respuesta a estos retos y que abra paso a una Universidad que se pueda homologar con el sistema universitario europeo, más eficiente y sujeto a controles de calidad que verifiquen su nivel y la eficacia docente e investigadora
650 1 7 _aUniversidad
_960575
651 1 4 _aEspaña
_9115342
773 0 _aEn:
_tTemas para el debate
_dMadrid
_w105072
_gN. 152 (jul. 2007), p. 71-77
942 _cAREV
999 _c152227
_d152227